000 01336nabaa22002177a 4500
999 _c6158
_d6158
003 OSt
005 20260123201053.0
008 190701b xxu||||| |||| 00| 0 spa d
040 _cPJ
100 _95281
_aSilva Tamayo, Gustavo E.
245 1 0 _aRazonabilidad y proporcionalidad en la jurisprudencia de la Corte Suprema de Justicia de la Nación :
_bel caso del principio de igualdad /
_cGustavo E. Silva Tamayo.
300 _ap. 161-173
500 _aCita: TR LALEY AR/DOC/3182/2023
505 _aSumario: I. Introducción y planteo de la cuestión.— II. La distinción entre razonabilidad y proporcionalidad.— III. El control de razonabilidad en el sistema de los Estados Unidos.— IV. El examen de proporcionalidad.— V. Las restricciones al principio de libertad en la jurisprudencia de la Corte Suprema de Justicia argentina.— VI. La regla de la proporcionalidad en la jurisprudencia de la Corte Suprema.— VII. Conclusión.
505 _t¿Te interesa el texto completo? Comunicate al correo: koha@justierradelfuego.gov.ar
650 0 _9211
_aDERECHO ADMINISTRATIVO
650 0 _94833
_aPRINCIPIO DE PROPORCIONALIDAD
650 0 _9699
_aFALLOS DE LA CORTE SUPREMA
773 0 _02842
_93251
_dBuenos Aires : AbeledoPerrot, 2012-
_oDA121
_tDerecho administrativo. Nº 151 enero/febrero 2024
_z18510590
942 _2udc
_cANA